000 00588nam a2200205Ia 4500
003 GCL
008 140319s9999 xx 000 0 ara d
040 _aGCL /
_cGCL
082 0 4 _a796.815
_bم ا
100 1 _aمختار سالم
245 1 0 _aاحترس كونغوفو رياضة الكونغوفو الشرسة /
_cمختار سالم
260 _aبيروت :
_bمكتبة المعارف
300 _a192 ص
490 _a
650 0 4 _aالرياضة الخلوية
650 0 4 _aالجودو
650 0 4 _aالسومو
650 0 4 _aالكاراتية
942 _2ddc
_cBK
999 _c53443
_d53443